000 00620nam a2200241Ia 4500
003 OSt
005 20220918163556.0
006 a|||||r|||| 00| 0
007 ta
008 220917b |||||||| |||| 00| 0 eng d
020 _a0155713507
024 _a247,198
037 _cTextual
040 _aARTS
_cARTS
_beng
041 _2eng
_aeng
082 _aX:8F, M4
100 _aWalgenbach Paul H.
_913944
245 0 _aPrinciples of accounting
260 _aSan
_bDiego Harcourt Brace Pub
_c1984
650 _aECONOMICS
942 _hX:8F, M4
_cTEXL
_2CC
999 _c120248
_d120248